00880cam a22002533a 4500001000500000005001700005020001700022040004500039050001200084082001100096100002600107245003400133260003400167300004000201490002500241500002600266505000800292520019600300521002100496521002000517650002100537650003700558655003100595112720231124110112.0 a078073003990 aJDPcJDPdLEOdSLCdOCLdOCLCQdDLCbeng00aGN31.L4 a813.541 aApplegate, Katherine.14aThe change /cK.A. Applegate. aNew York :bScholastic,c1997 a162 pages :c20 cmbillustrations ;1 aAnimorphs ;vBook 13 a"An Apple paperback." aN  aUnable to return to his human form after morphing into a red-tailed hawk, Tobias is assisted by an Ellimist in changing his form into other animals and wonders if he will ever be human again. a590 bLexile  aN bRaz-Plus  0aScience fiction. 0aMetamorphosisvJuvenile fiction. 7aYoung adult fiction.2lcsh